|
|
|
|
| LEADER |
00000cam a2200000 7i4500 |
| 001 |
0000053413 |
| 005 |
20010101.0 |
| 008 |
010101s2002 |
| 020 |
|
|
|a 983256204X
|
| 090 |
0 |
0 |
|a J 500 SIR
|
| 100 |
0 |
|
|a S.Osman
|
| 245 |
0 |
0 |
|a Pertemuan Di Pinggir Sungai
|c S.Osman
|
| 260 |
|
|
|a Johor Baharu :
|b City Megazone ,
|c 2002
|
| 300 |
|
|
|a 14p. :
|b ill.col. ;
|c 21cm.
|
| 650 |
0 |
0 |
|a Sciences
|
| 999 |
|
|
|a 0000067261
|b Buku
|c Koleksi Pinjaman Kanak-Kanak
|e Perbadanan Perpustakaan Awam Melaka
|
| 999 |
|
|
|a 0000067262
|b Buku
|c Koleksi Pinjaman Kanak-Kanak
|e Perbadanan Perpustakaan Awam Melaka
|
| 999 |
|
|
|a 0000067263
|b Buku
|c Koleksi Pinjaman Kanak-Kanak
|e Perpustakaan Cawangan Jasin
|
| 999 |
|
|
|a 0000067264
|b Buku
|c Koleksi Pinjaman Kanak-Kanak
|e Perpustakaan Cawangan Masjid Tanah
|
| 999 |
|
|
|a 0000067265
|b Buku
|c Koleksi Pinjaman Kanak-Kanak
|e Perpustakaan Cawangan Merlimau
|
| 999 |
|
|
|a 0000067266
|b Buku
|c Koleksi Pinjaman Kanak-Kanak
|e Perbadanan Perpustakaan Awam Melaka
|
| 999 |
|
|
|a 254513
|b Buku
|c Koleksi Pinjaman Kanak-Kanak
|e Perbadanan Perpustakaan Awam Melaka
|